Geometry Dash #2 - Statistics

General Stats
  • This quiz has been taken 30 times
  • The average score is 8 of 15
Answer Stats
Hint Answer % Correct
Difficulty that gives 2* Easy
95%
Level released in 2.1 Fingerdash
81%
Verifier of Firework Trick
76%
Mode where you move left and right Platformer
71%
Icedcave Level Slaughterhouse
71%
Hardest Difficulty Extreme Demon
67%
Gamemode Wave
67%
Blue Nine Circles Level Jawbreaker
57%
Boldstep level Erebus
38%
Who Made Sigma Mindcap
38%
1st Level of GD World Payload
38%
Future Top 1 Aeternus
33%
Jumpscare Congregation
33%
Canadian Player Zeronium
29%
Sakupen Circles style Emerald
10%
No matching quizzes found
Score Distribution
Percent of People with Each Score
Percentile by Number Answered
Your Score History
You have not taken this quiz